000 00398nam a2200145Ia 4500
008 230917s9999||||xx |||||||||||||| ||und||
040 _e88141
_aMAIN
041 _aEnglish
082 _a658.8 B693M
100 _aBoyd
245 0 _aMarketing management: a strategic approach with a global orientation
260 _aChicago
_bCompliments & Mellissa Strahan
_c1995
300 _a555 p.
942 _cBK
999 _c81373
_d81373